Statistiques concernant Equipes Gagnantes de la Serie A (1929-2019)

Cliquez ici pour prendre le quiz!

Statistiques générales

  • Ce quiz a été pris 885 fois
    (690 depuis la dernière actualisation)
  • Le résultat moyen est 80 sur 87

Statistiques - réponses

HintRéponse% Correct
2018/19Juventus
100%
1994/95Juventus
100%
1966/67Juventus
100%
1971/72Juventus
100%
1972/73Juventus
100%
1930/31Juventus
100%
1976/77Juventus
100%
1977/78Juventus
100%
1980/81Juventus
100%
1981/82Juventus
100%
1983/84Juventus
100%
1985/86Juventus
100%
1996/97Juventus
100%
1959/60Juventus
100%
1997/98Juventus
100%
2001/02Juventus
100%
2002/03Juventus
100%
2011/12Juventus
100%
2012/13Juventus
100%
2013/14Juventus
100%
2014/15Juventus
100%
2015/16Juventus
100%
2016/17Juventus
100%
2017/18Juventus
100%
1960/61Juventus
100%
1974/75Juventus
100%
1957/58Juventus
100%
1951/52Juventus
100%
1931/32Juventus
100%
1932/33Juventus
100%
1933/34Juventus
100%
1934/35Juventus
100%
1949/50Juventus
100%
1937/38Inter
99%
2009/10Inter
99%
2008/09Inter
99%
2007/08Inter
99%
2006/07Inter
99%
2005/06Inter
99%
1939/40Inter
99%
1988/89Inter
99%
1979/80Inter
99%
1929/30Inter
99%
1964/65Inter
99%
1952/53Inter
99%
1953/54Inter
99%
1962/63Inter
99%
1970/71Inter
99%
1965/66Inter
99%
1958/59Milan
99%
1993/94Milan
99%
1992/93Milan
99%
1991/92Milan
99%
1954/55Milan
99%
2003/04Milan
99%
1987/88Milan
99%
1998/99Milan
99%
1995/96Milan
99%
2010/11Milan
99%
1961/62Milan
99%
1956/57Milan
99%
1978/79Milan
99%
1950/51Milan
99%
1967/68Milan
99%
1986/87Napoli
91%
1989/90Napoli
91%
2000/01Roma
89%
1941/42Roma
89%
1982/83Roma
89%
1999/00Lazio
88%
1973/74Lazio
88%
1968/69Fiorentina
73%
1955/56Fiorentina
73%
1975/76Torino
70%
1942/43Torino
70%
1945/46Torino
70%
1946/47Torino
70%
1947/48Torino
70%
1948/49Torino
70%
1990/91Sampdoria
61%
1938/39Bologne
54%
1940/41Bologne
54%
1963/64Bologne
54%
1936/37Bologne
54%
1935/36Bologne
54%
1984/85Hellas Verone
49%
1969/70Cagliari
41%

Distribution des résultats

Percentile par nombre de réponses

% des personnes avec chaque résultat

Votre développement - résultats

Vous n’avez pas pris ce quiz depuis la dernière actualisation